000 00787nam a22002417a 4500
003 UA-OsUOA
001 31526
007 ta
008 20041223b un ||||| |||| 00| 0 ukr d
100 _aКоровкин Ф. П.
090 _a94(3)
_bК68
942 _cBK
040 _aUA-OsUOA
_brus
_cUA-OsUOA
_dUA-OsUOA
245 _aИстория Древнего мира
_bУчебник для 5-6 классов средней школы
300 _a192 с.
_bІлюстрації
955 _a0
041 _arus
080 _a94(3)
260 _aМосква
_bГосударственное учебно-педагогическое издательство
_c1958
044 _aRU
650 7 _a9 Географія. Біографії. Історія
_2UDC
999 _c317953
_d317953